| 000 | 00688cam a22002531 4500 | ||
|---|---|---|---|
| 001 | sa 67001660 | ||
| 003 | DLC | ||
| 005 | 20260227112325.0 | ||
| 008 | 890403s1962 xx 000 0 urdo | ||
| 010 | _asa 67001660 | ||
| 035 | _a(OCoLC)23560102 | ||
| 040 |
_aDLC _cMiU _dDLC |
||
| 042 | _apremarc | ||
| 043 | _aa-ii--- | ||
| 050 | 0 | 0 |
_aDS452 _b.B3 1962 |
| 100 | 1 |
_aBadāʼūnī, ʻAbd al-Qādir ibn Mulūk Shāh, _d1540- |
|
| 245 | 1 | 0 | _aMuntakhab al-tavārīkh. |
| 260 | _c[1962] | ||
| 300 |
_a778 p. _b(p. 778 advertisments) _c25 cm. |
||
| 500 | _aRomanized. | ||
| 650 | 0 |
_aMuslims _zIndia |
|
| 651 | 0 |
_aIndia _xKings and rulers |
|
| 700 | 1 |
_aFārūqī, Maḥmūd Aḥmad, _eed. |
|
| 999 |
_c72797 _d72797 |
||